000 00297nam a2200145Ia 4500
100 _aBansal/Rashmi
942 _cBK
366 _f20
245 _aFollow every rainbow
260 _bWestland Ltd
_c2013
082 _a808.83
_bBAN
300 _a361
546 _aENGLISH
_cComputers
999 _c20127
_d20127